| 000 | 00357nam a22001337a 4500 | ||
|---|---|---|---|
| 020 | _qHB | ||
| 040 | _cFIZZA ISHAQ | ||
| 082 |
_a628.52 _bRAV |
||
| 100 |
_aNAIDU, R. RAVI. _990717 |
||
| 245 |
_aMANAGING ARSENIC IN THE ENVIRONMENT FROM SOIL TO HUMAN HEALTH / _cRAVI R. NAIDU. |
||
| 260 |
_bCSIRO PUBLISHING, _c2006. |
||
| 300 | _a656 P. ; | ||
| 942 |
_2ddc _cBK |
||
| 999 |
_c588929 _d588929 |
||